[Event "2nd Big Slick GM"]
[Site "London ENG"]
[Date "2011.06.30"]
[Round "6"]
[White "Eggleston, David J"]
[Black "Arkell, Keith C"]
[Result "0-1"]
[WhiteTitle "FM"]
[BlackTitle "GM"]
[WhiteElo "2319"]
[BlackElo "2419"]
[WhiteFideId "412120"]
[BlackFideId "400270"]
[EventDate "2011.06.25"]

1. e4 c6 2. d4 d5 3. e5 c5 4. c4 cxd4 5. Nf3 Bg4 6. cxd5 Qxd5 7. Nc3 Qd7 8. Bb5
Nc6 9. Qxd4 Nxd4 10. Nxd4 Rc8 11. Bxd7+ Bxd7 12. O-O Nh6 13. Bxh6 gxh6 14. e6
Bxe6 15. Nxe6 fxe6 16. Rfe1 Kf7 17. Re2 Bg7 18. Ne4 Rc4 19. g3 Rhc8 20. Rae1 Rc2
21. b3 Bd4 22. Kg2 e5 23. Kf3 h5 24. h4 h6 25. Rxc2 Rxc2 26. Re2 Rc1 27. Rd2 Ke6
28. Ke2 Kd5 29. f3 b5 30. Rd1 Rc8 31. Kd3 a5 32. Rb1 Rf8 33. Ke2 Rc8 34. Kd3 b4
35. Kd2 Rc6 36. Kd3 Ke6 37. Kd2 Kd7 38. Kd3 Rc7 39. Kd2 Kc8 40. Kd3 Kb7 41. g4
hxg4 42. fxg4 Rd7 43. Ke2 Kc6 44. Rf1 Kd5 45. Kd3 Ba7 46. Re1 Rd8 47. g5 Ke6+
48. Kc4 h5 49. Kb5 Kf5 50. Kxa5 Kf4 51. Kxb4 Be3 52. Nc3 Bd2 53. Re4+ Kf3 54.
Rxe5 Rd4+ 55. Kc5 Bxc3 56. Rxe7 Rxh4 57. Rf7+ Ke4 58. g6 Rg4 59. Rh7 h4 60. Rh5
Bf6 61. Rh6 Kf5 62. a4 Rxg6 63. Rh7 Bg5 64. a5 Rh6 65. Rf7+ Ke4 66. Rf1 h3 67.
b4 h2 68. Rh1 Be3+ 69. Kc4 Kf3 70. b5 Kg2 71. Ra1 h1=Q 72. Rxh1 Kxh1 73. a6 Kg2
74. Kb4 Bb6 75. Ka4 Rh4+ 76. Ka3 Kf3 77. Kb3 Ke3 78. Ka3 Kd3 79. Kb3 Rh1 80. Ka3
Kc3 81. Ka2 Rg1 82. a7 Bxa7 83. b6 Bxb6 84. Ka3 Ra1# 0-1

[Event "2nd Big Slick GM"]
[Site "London ENG"]
[Date "2011.06.30"]
[Round "6"]
[White "Shiven, Khosla"]
[Black "Ansell, Simon T"]
[Result "1-0"]
[BlackTitle "IM"]
[WhiteElo "2391"]
[BlackElo "2427"]
[WhiteFideId "5026415"]
[BlackFideId "402141"]
[EventDate "2011.06.25"]

1. e4 c5 2. Nf3 Nc6 3. d4 cxd4 4. Nxd4 e5 5. Nb5 d6 6. c4 Be7 7. N1c3 a6 8. Na3
f5 9. exf5 Bxf5 10. Bd3 Be6 11. O-O Nf6 12. Nc2 O-O 13. Ne3 Qd7 14. b3 Kh8 15.
Bb2 Bd8 16. Qd2 Bb6 17. Rad1 Rad8 18. Ne4 Nxe4 19. Bxe4 Bc5 20. Kh1 Qe7 21. Nd5
Qh4 22. f3 Nd4 23. Bc1 b5 24. Qg5 Qxg5 25. Bxg5 Rb8 26. Nc7 Bc8 27. Bd5 Nf5 28.
Be6 h6 29. Bc1 Bd4 30. f4 Rb7 31. fxe5 Rxc7 32. exd6 Bxe6 33. dxc7 Bf6 34. g4
Ne7 35. Ba3 1-0

[Event "2nd Big Slick GM"]
[Site "London ENG"]
[Date "2011.06.30"]
[Round "6"]
[White "Houska, Jovanka"]
[Black "Galego, Luis"]
[Result "0-1"]
[WhiteTitle "IM"]
[BlackTitle "GM"]
[WhiteElo "2429"]
[BlackElo "2501"]
[WhiteFideId "405094"]
[BlackFideId "1900072"]
[EventDate "2011.06.25"]

1. d4 Nf6 2. c4 d6 3. Nf3 Nbd7 4. Nc3 e5 5. g3 c6 6. e4 a6 7. Bg2 b5 8. O-O Be7
9. h3 O-O 10. Qc2 Bb7 11. dxe5 dxe5 12. Be3 b4 13. Ne2 c5 14. Nh2 Nb8 15. Rfd1
Qc7 16. Bg5 Nc6 17. Bxf6 Bxf6 18. Ng4 Be7 19. Ne3 Nd4 20. Qd3 Rad8 21. Nxd4 Rxd4
22. Qc2 g6 23. a3 a5 24. axb4 cxb4 25. Rxd4 exd4 26. Nd5 Bxd5 27. exd5 Rc8 28.
b3 Bc5 29. Qe4 Kf8 30. Qh4 Kg7 31. Qe4 Rd8 32. Re1 Qb6 33. Ra1 Qc7 34. f4 Qb6
35. Kh2 Kf8 36. Re1 a4 37. bxa4 b3 38. f5 b2 39. Rb1 Qb3 40. Qe5 Bd6 41. Qh8+
Ke7 42. Qxd4 Qxg3+ 43. Kg1 Be5 44. Qc5+ Kf6 45. fxg6 Qf4 46. Qb6+ Rd6 47. gxf7
Kxf7 48. Qb7+ Kg6 49. Rxb2 Qc1+ 50. Kf2 Qxb2+ 51. Qxb2 Bxb2 52. Ke3 Ra6 53. Be4+
Kf6 54. Bxh7 Rxa4 55. Kd3 Ra3+ 56. Kc2 Rxh3 0-1

[Event "2nd Big Slick GM"]
[Site "London ENG"]
[Date "2011.06.30"]
[Round "6"]
[White "Vaibhav, Suri"]
[Black "Williams, Simon K"]
[Result "0-1"]
[WhiteTitle "IM"]
[BlackTitle "GM"]
[WhiteElo "2430"]
[BlackElo "2520"]
[WhiteFideId "5045185"]
[BlackFideId "404454"]
[EventDate "2011.06.25"]

1. e4 c5 2. Nf3 d6 3. d4 cxd4 4. Nxd4 Nf6 5. Nc3 g6 6. Be3 Bg7 7. f3 Nc6 8. Qd2
O-O 9. O-O-O Bd7 10. g4 Rc8 11. h4 Ne5 12. h5 Qa5 13. Nb3 Qc7 14. Be2 b5 15. Kb1
Nc4 16. Bxc4 bxc4 17. Nd4 Rb8 18. Ka1 Qb7 19. Rb1 Rfc8 20. Nde2 Rc6 21. Nf4 Ra6
22. Qc1 Bxg4 23. fxg4 Nxe4 24. Nfe2 Qb4 25. hxg6 fxg6 26. Rf1 Qa5 27. a3 Nxc3 0-1

[Event "2nd Big Slick GM"]
[Site "London ENG"]
[Date "2011.07.01"]
[Round "7"]
[White "Williams, Simon K"]
[Black "Ledger, Dave J"]
[Result "1-0"]
[WhiteTitle "GM"]
[BlackTitle "FM"]
[WhiteElo "2520"]
[BlackElo "2245"]
[WhiteFideId "404454"]
[BlackFideId "401986"]
[EventDate "2011.06.25"]

1. b3 e5 2. Bb2 Nc6 3. e3 d6 4. Bb5 Bd7 5. Nf3 Be7 6. O-O h5 7. d4 f6 8. Qd3 Rh6
9. Bc4 Kf8 10. dxe5 fxe5 11. Nc3 Qe8 12. Nd5 Bd8 13. e4 Nce7 14. Nxe5 dxe5 15.
f4 Nxd5 16. Qxd5 Qe6 17. fxe5+ Ke8 18. Qd4 c6 19. Ba3 Bb6 20. Rf8# 1-0

[Event "2nd Big Slick GM"]
[Site "London ENG"]
[Date "2011.07.01"]
[Round "7"]
[White "Galego, Luis"]
[Black "Vaibhav, Suri"]
[Result "1/2-1/2"]
[WhiteTitle "GM"]
[BlackTitle "IM"]
[WhiteElo "2501"]
[BlackElo "2430"]
[WhiteFideId "1900072"]
[BlackFideId "5045185"]
[EventDate "2011.06.25"]

1. d4 Nf6 2. Nf3 d5 3. c4 e6 4. g3 dxc4 5. Qa4+ Bd7 6. Qxc4 c5 7. Bg2 b5 8. Qc2
Na6 9. O-O Rc8 10. Qd1 Bc6 11. dxc5 Bxc5 12. Qxd8+ Kxd8 13. Ne5 Bxg2 14. Kxg2
Ke7 15. Nd3 Nd5 16. Bd2 Rhd8 17. Nxc5 Rxc5 18. Nc3 b4 19. Nxd5+ Rdxd5 20. Be3
Rc2 21. b3 Ra5 22. Rfe1 Raxa2 23. Rxa2 Rxa2 24. Bxa7 e5 25. e4 Ra3 26. Re3 h5
27. Rd3 Ke6 28. Be3 g6 29. f4 f6 30. Kf3 Ra2 31. fxe5 fxe5 32. Rd8 Rxh2 33. Re8+
Kf6 34. Rc8 Ra2 35. Rc6+ Kf7 36. Bg5 Ra3 37. Kg2 Ra5 38. Rf6+ Kg7 39. Rb6 Nc5
40. Rxb4 Ra2+ 41. Kf1 Rb2 42. Be3 Nxb3 43. Rb7+ Kf6 44. Rb6+ Kf7 45. Rb7+ Ke6
46. Rb6+ 1/2-1/2

[Event "2nd Big Slick GM"]
[Site "London ENG"]
[Date "2011.07.01"]
[Round "7"]
[White "Ansell, Simon T"]
[Black "Houska, Jovanka"]
[Result "0-1"]
[WhiteTitle "IM"]
[BlackTitle "IM"]
[WhiteElo "2427"]
[BlackElo "2429"]
[WhiteFideId "402141"]
[BlackFideId "405094"]
[EventDate "2011.06.25"]

1. d4 d5 2. c4 e6 3. Nf3 Nf6 4. g3 Bb4+ 5. Bd2 Bd6 6. Bg2 c6 7. Qc2 Nbd7 8. O-O
O-O 9. Bf4 Bxf4 10. gxf4 b6 11. Ne5 Bb7 12. Nc3 Qe7 13. Rfd1 Rfc8 14. cxd5 Nxd5
15. e3 Nxc3 16. Qxc3 Nf6 17. Nd3 c5 18. dxc5 Bxg2 19. Kxg2 Ne4 20. Qd4 Nxc5 21.
Nxc5 Rxc5 22. Qe4 Rac8 23. Rd2 Rc4 24. Qf3 h6 25. Rad1 Qf6 26. Rd4 Rxd4 27. Rxd4
Qf5 28. b3 a5 29. h3 Rc2 30. a4 Rb2 31. Qa8+ Kh7 32. Qe4 Qxe4+ 33. Rxe4 Rxb3 34.
Rd4 Kg6 35. Rd7 Rb4 36. Rb7 Kf6 37. h4 g6 38. Kg3 h5 39. f3 e5 40. fxe5+ Kxe5
41. f4+ Ke6 42. Kf3 f6 43. Rb8 Kf5 44. Re8 g5 45. hxg5 fxg5 46. Re5+ Kf6 47.
Rxg5 Rxa4 48. Rxh5 Rb4 49. e4 a4 50. e5+ Kg7 51. e6 a3 52. e7 Kf7 53. Rh7+ Ke8
54. f5 Rb1 55. f6 Rf1+ 56. Ke4 Rxf6 57. Rh8+ Kxe7 58. Ra8 Kd6 59. Rxa3 Kc5 60.
Ra8 Kc4 61. Rc8+ Kb3 62. Kd4 b5 63. Rh8 Rf3 64. Kc5 b4 65. Rh4 Ka3 66. Kc4 b3
67. Rh8 Kb2 68. Ra8 Kc2 0-1

[Event "2nd Big Slick GM"]
[Site "London ENG"]
[Date "2011.07.01"]
[Round "7"]
[White "Arkell, Keith C"]
[Black "Shiven, Khosla"]
[Result "0-1"]
[WhiteTitle "GM"]
[WhiteElo "2419"]
[BlackElo "2391"]
[WhiteFideId "400270"]
[BlackFideId "5026415"]
[EventDate "2011.06.25"]

1. d4 Nf6 2. Nf3 g6 3. c4 Bg7 4. g3 d6 5. Bg2 O-O 6. O-O c6 7. Nc3 Nbd7 8. Qc2
e5 9. Rd1 Re8 10. e3 Qc7 11. b3 Nf8 12. Ba3 Bf5 13. e4 Bg4 14. d5 Rad8 15. h3
Bxf3 16. Bxf3 h5 17. h4 c5 18. Bc1 N6h7 19. Rb1 Qe7 20. b4 b6 21. bxc5 bxc5 22.
Be3 g5 23. hxg5 h4 24. Qd2 Ng6 25. Bg4 f6 26. Bh5 Nhf8 27. gxf6 Bxf6 28. Qe2 Qh7
29. Qg4 Re7 30. Bxg6 Nxg6 31. Rb3 hxg3 32. fxg3 Rg7 33. Qe6+ Kh8 34. Qxf6 Rf8
35. Bg5 Rxf6 36. Bxf6 Qh3 37. Ne2 Qg4 38. Kf2 Qxe4 39. Bxg7+ Kxg7 40. Rb7+ Kf6
41. Rxa7 Ne7 42. Rc1 Nf5 43. Ra3 Qg4 44. Rf3 Kg6 45. Rcc3 Nd4 46. Rfe3 Qf5+ 47.
Kg2 Qb1 48. Kf2 Qxa2 49. g4 Kg5 50. Ra3 Qxc4 51. Nc3 Kg6 52. Ra8 Qb3 53. Rd8
Qb2+ 54. Kf1 Nb5 55. Nxb5 Qxb5+ 56. Re2 Qa6 57. Re8 Qa1+ 58. Re1 Qa6+ 59. Re2 c4
60. Re6+ Kg7 61. R2xe5 Qa1+ 62. Re1 Qd4 63. Re7+ Kg6 64. R7e4 Qxd5 65. Kf2 c3
66. R4e2 Qc5+ 67. Kg3 c2 68. Re6+ Kg5 69. Rh1 0-1

[Event "2nd Big Slick GM"]
[Site "London ENG"]
[Date "2011.07.02"]
[Round "8"]
[White "Ledger, Dave J"]
[Black "Eggleston, David J"]
[Result "0-1"]
[WhiteTitle "FM"]
[BlackTitle "FM"]
[WhiteElo "2245"]
[BlackElo "2319"]
[WhiteFideId "401986"]
[BlackFideId "412120"]
[EventDate "2011.06.25"]

1. e4 c5 2. Nf3 d6 3. d4 cxd4 4. Nxd4 Nf6 5. Nc3 a6 6. Be3 e5 7. Nb3 Be6 8. Qd2
b5 9. f3 Nbd7 10. g4 Nb6 11. g5 Nfd7 12. Nd5 Bxd5 13. exd5 Rc8 14. O-O-O Nc4 15.
Qf2 Be7 16. Rg1 Ndb6 17. Bxc4 Nxc4 18. Nd2 Qa5 19. Nxc4 bxc4 20. Kb1 Rb8 21. Rg4
O-O 22. Bc1 Rfc8 23. Ka1 Rb5 24. Qa7 Bf8 25. Qd7 Rcc5 26. g6 hxg6 27. Rh4 g5 28.
Rh5 g6 29. Rxg5 Qc7 30. Qh3 Rxd5 31. Rdg1 Bg7 32. R5g4 Rd4 33. R4g3 Rbd5 34. Kb1
Rd1 35. R1g2 c3 36. b3 Qc5 37. Rxg6 Rxc1+ 38. Kxc1 Qa3+ 39. Kb1 Qb2# 0-1

[Event "2nd Big Slick GM"]
[Site "London ENG"]
[Date "2011.07.02"]
[Round "8"]
[White "Shiven, Khosla"]
[Black "Slavin, Alexei"]
[Result "1-0"]
[BlackTitle "IM"]
[WhiteElo "2391"]
[BlackElo "2412"]
[WhiteFideId "5026415"]
[BlackFideId "24104388"]
[EventDate "2011.06.25"]

1. e4 c5 2. Nf3 d6 3. d4 cxd4 4. Nxd4 Nf6 5. Nc3 Nc6 6. Be2 Bd7 7. O-O g6 8. Be3
Bg7 9. Kh1 O-O 10. Qd2 Nxd4 11. Bxd4 Bc6 12. f3 Nd7 13. Bxg7 Kxg7 14. b4 Nf6 15.
Rad1 Qb6 16. a3 a5 17. b5 Bd7 18. Na4 Qc7 19. c4 Rfd8 20. Qd4 Rab8 21. Nb6 Kg8
22. f4 Be8 23. Qe3 Kg7 24. Bf3 e5 25. Be2 exf4 26. Rxf4 Qc5 27. Qf3 Qxb6 28.
Rxf6 Qc7 29. h4 Qe7 30. h5 h6 31. Rf1 g5 32. c5 dxc5 33. Bc4 Rd4 34. Bxf7 Qxe4
35. Rg6+ 1-0

[Event "2nd Big Slick GM"]
[Site "London ENG"]
[Date "2011.07.02"]
[Round "8"]
[White "Houska, Jovanka"]
[Black "Arkell, Keith C"]
[Result "1/2-1/2"]
[WhiteTitle "IM"]
[BlackTitle "GM"]
[WhiteElo "2429"]
[BlackElo "2419"]
[WhiteFideId "405094"]
[BlackFideId "400270"]
[EventDate "2011.06.25"]

1. d4 e6 2. c4 Bb4+ 3. Bd2 Bxd2+ 4. Qxd2 Nf6 5. Nf3 d5 6. g3 Nbd7 7. Bg2 O-O 8.
O-O c6 9. Rc1 Qe7 10. Qe3 Re8 11. Nbd2 e5 12. dxe5 Nxe5 13. Nxe5 Qxe5 14. Qxe5
Rxe5 15. cxd5 Nxd5 16. e4 Nb6 17. f4 Re7 1/2-1/2

[Event "2nd Big Slick GM"]
[Site "London ENG"]
[Date "2011.07.02"]
[Round "8"]
[White "Vaibhav, Suri"]
[Black "Ansell, Simon T"]
[Result "1/2-1/2"]
[WhiteTitle "IM"]
[BlackTitle "IM"]
[WhiteElo "2430"]
[BlackElo "2427"]
[WhiteFideId "5045185"]
[BlackFideId "402141"]
[EventDate "2011.06.25"]

1. e4 g6 2. d4 Bg7 3. Nc3 a6 4. a4 d6 5. h3 Nd7 6. Nf3 e6 7. Bd3 b6 8. Be3 Bb7
9. O-O Ne7 10. Qd2 O-O 11. Bh6 c5 12. Bxg7 Kxg7 13. Rad1 Qc7 14. Rfe1 Rad8 15.
Qg5 Ng8 16. Bf1 cxd4 17. Rxd4 Ngf6 18. Red1 Nc5 19. e5 dxe5 20. Qxe5 Qxe5 21.
Nxe5 Rxd4 22. Rxd4 Nd5 23. Nxd5 exd5 24. Rb4 f6 25. Rxb6 fxe5 26. b4 Rf6 27.
bxc5 Rxb6 28. cxb6 a5 29. c4 dxc4 30. Bxc4 Kf6 31. f4 exf4 32. Kf2 Ke5 33. g3 g5
34. Bd3 h6 35. Be2 Kd6 36. gxf4 gxf4 37. Bf3 Bxf3 38. Kxf3 Kc6 39. Kxf4 Kxb6 40.
Kg4 Kc5 41. Kh5 Kb4 42. Kxh6 Kxa4 43. Kg7 Kb3 44. h4 a4 45. h5 a3 46. h6 a2 47.
h7 a1=Q+ 48. Kg8 Qg1+ 49. Kh8 Qg6 1/2-1/2

[Event "2nd Big Slick GM"]
[Site "London ENG"]
[Date "2011.07.03"]
[Round "9"]
[White "Galego, Luis"]
[Black "Ledger, Dave J"]
[Result "1-0"]
[WhiteTitle "GM"]
[BlackTitle "FM"]
[WhiteElo "2501"]
[BlackElo "2245"]
[WhiteFideId "1900072"]
[BlackFideId "401986"]
[EventDate "2011.06.25"]

1. c4 e5 2. Nc3 Nf6 3. g3 d5 4. cxd5 Nxd5 5. Bg2 Nb6 6. Nf3 Nc6 7. O-O Be7 8. d3
g5 9. a4 a5 10. Be3 g4 11. Nd2 Nd4 12. Nc4 Nxc4 13. dxc4 c6 14. Qd3 Bf5 15. Be4
Nf3+ 16. Kg2 Qxd3 17. exd3 Bg6 18. Bb6 Bd8 19. Bc5 Bc7 20. h3 Nd2 21. hxg4 Nxf1
22. Kxf1 O-O-O 23. Ke2 Rd7 24. Be3 Rg8 25. Rh1 Bd8 26. Bf5 Bxf5 27. gxf5 Bg5 28.
Ne4 Bxe3 29. Nf6 Bxf2 30. Nxg8 Bxg3 31. Rxh7 e4 32. dxe4 Bf4 33. Nf6 Rd2+ 34.
Kf3 Be5 35. Rxf7 Rxb2 36. Nd7 Rb3+ 37. Kg4 Re3 38. f6 Bc7 39. Kf5 Rf3+ 40. Ke6
Rd3 41. Rf8+ 1-0

[Event "2nd Big Slick GM"]
[Site "London ENG"]
[Date "2011.07.03"]
[Round "9"]
[White "Ansell, Simon T"]
[Black "Williams, Simon K"]
[Result "1/2-1/2"]
[WhiteTitle "IM"]
[BlackTitle "GM"]
[WhiteElo "2427"]
[BlackElo "2520"]
[WhiteFideId "402141"]
[BlackFideId "404454"]
[EventDate "2011.06.25"]

1. e4 c5 2. d3 Nc6 3. f4 d5 4. Be2 Nf6 5. e5 Ng8 6. Nf3 Nh6 7. O-O Nf5 8. c3 h5
9. Na3 e6 10. Nc2 d4 11. Ng5 h4 12. Bf3 c4 13. Kh1 dxc3 14. dxc4 cxb2 15. Qxd8+
Nxd8 16. Bxb2 Bd7 17. Nd4 Ne3 18. Rfc1 Bb4 19. Nb5 O-O 20. Bc3 Be7 21. Bd4 Nf5
22. Bf2 f6 23. Ne4 fxe5 24. Nc5 Bxb5 25. cxb5 exf4 26. Nxb7 Nxb7 27. Bxb7 Rab8
28. Bc6 Ne3 29. Rab1 Rbd8 30. Kg1 Rd2 31. a4 Bd8 32. Be1 Ra2 33. Ra1 Rxa1 34.
Rxa1 Nc2 35. Rc1 Nxe1 36. Rxe1 Kf7 37. h3 Bb6+ 38. Kf1 Rd8 39. Ke2 Rd4 40. Ra1
Ba5 41. Rd1 1/2-1/2

[Event "2nd Big Slick GM"]
[Site "London ENG"]
[Date "2011.07.03"]
[Round "9"]
[White "Arkell, Keith C"]
[Black "Vaibhav, Suri"]
[Result "1/2-1/2"]
[WhiteTitle "GM"]
[BlackTitle "IM"]
[WhiteElo "2419"]
[BlackElo "2430"]
[WhiteFideId "400270"]
[BlackFideId "5045185"]
[EventDate "2011.06.25"]

1. d4 Nf6 2. Nf3 d5 3. c4 e6 4. Nc3 Be7 5. cxd5 exd5 6. Bg5 c6 7. e3 Bf5 8. Bxf6
Bxf6 9. Bd3 Bxd3 10. Qxd3 Be7 11. O-O O-O 12. Rab1 a5 13. Qc2 Nd7 14. a3 Re8 15.
b4 b5 16. e4 axb4 17. axb4 Nb6 18. Ne5 Rc8 19. Qb3 Bd6 20. f4 Nc4 21. Nxc4 bxc4
22. Qc2 Qb6 23. Kh1 Qxd4 24. b5 cxb5 25. Nxb5 Qc5 26. exd5 c3 27. Nxd6 Qxd6 28.
Rf3 Qf6 29. h3 h6 30. Rc1 Rc5 31. Rxc3 Rxd5 32. Rc8 Rxc8 33. Qxc8+ Rd8 34. Qg4
Rd4 35. Rf1 Kh7 36. Qf3 1/2-1/2

[Event "2nd Big Slick GM"]
[Site "London ENG"]
[Date "2011.07.03"]
[Round "9"]
[White "Slavin, Alexei"]
[Black "Houska, Jovanka"]
[Result "0-1"]
[WhiteTitle "IM"]
[BlackTitle "IM"]
[WhiteElo "2412"]
[BlackElo "2429"]
[WhiteFideId "24104388"]
[BlackFideId "405094"]
[EventDate "2011.06.25"]

1. d4 d5 2. Nf3 Nf6 3. e3 Bf5 4. Be2 c6 5. O-O Nbd7 6. c4 e6 7. Nc3 h6 8. cxd5
exd5 9. Ne5 Bd6 10. f4 Ne4 11. Nxe4 Bxe4 12. Bg4 Nf6 13. Bh3 O-O 14. Bd2 Bh7 15.
Be1 Ne4 16. Qh5 Be7 17. b4 Qd6 18. a3 a6 19. Ra2 Rad8 20. Rb2 Qc7 21. Bf2 a5 22.
Rc1 axb4 23. axb4 Ra8 24. Be1 Ra3 25. Bf2 Ra4 26. Be1 Bd6 27. Qd1 Rfa8 28. Bg4
Qe7 29. Bh5 f6 30. Ng6 Qe6 31. Rb3 Ra2 32. h3 Bxg6 33. Bxg6 f5 34. Bh5 Be7 35.
Bf3 Nd6 36. Be2 Nc4 37. Qd3 R8a3 38. Rxc4 Rxb3 39. Qxb3 Rxe2 40. Rc1 Rxe3 41.
Qd1 Bd6 42. b5 Bxf4 43. bxc6 bxc6 44. Bf2 Re4 45. Rc3 Be3 46. Bxe3 Rxe3 47. Rxe3
Qxe3+ 48. Kh1 c5 49. Qc2 Qxd4 50. Qxf5 Qa1+ 51. Kh2 Qa8 52. Qe6+ Kh8 53. Qd6 c4
54. Qc7 Qe8 55. h4 Qe4 56. g3 Qd3 57. Kh3 c3 58. Qc8+ Kh7 59. h5 c2 60. Kh4 Qc4+ 0-1

[Event "2nd Big Slick GM"]
[Site "London ENG"]
[Date "2011.07.03"]
[Round "9"]
[White "Eggleston, David J"]
[Black "Shiven, Khosla"]
[Result "1/2-1/2"]
[WhiteTitle "FM"]
[WhiteElo "2319"]
[BlackElo "2391"]
[WhiteFideId "412120"]
[BlackFideId "5026415"]
[EventDate "2011.06.25"]

1. e4 c5 2. Nf3 d6 3. d4 cxd4 4. Nxd4 Nf6 5. Nc3 Nc6 6. Bg5 e6 7. Qd2 Qb6 8.
O-O-O Qxd4 9. Qxd4 Nxd4 10. Rxd4 Bd7 11. f3 Rc8 12. Nb5 Rc5 13. Bxf6 Bxb5 14. b4
Bxf1 15. bxc5 Bxg2 16. Rg1 Bxf3 17. Rg3 gxf6 18. Rxf3 dxc5 19. Ra4 a6 20. Rxf6
Bd6 21. Rf2 h5 22. Ra3 Ke7 23. c4 Be5 24. Rb3 Rb8 25. a4 b6 26. Kc2 a5 27. h4
Bd4 28. Rg2 Bf6 29. Rf3 Rf8 30. Rb3 Rb8 31. Rd3 Rh8 32. Kd1 Rc8 33. Ke2 Rb8 34.
Kf3 Bxh4 35. Rh2 Bf6 36. Rxh5 Bd4 37. e5 Kd7 38. Rh7 Ke7 39. Ke4 Rg8 40. Rf3 Rf8
41. Rg3 Ba1 42. Rgg7 Bd4 43. Kf4 Bb2 44. Rg3 Bd4 45. Rb3 Rb8 46. Rh1 Kd7 47.
Rhb1 Kc7 48. Ke4 Kc6 49. Rf3 Rh8 50. Rxf7 Rh4+ 51. Rf4 Rh5 52. Rf3 Rh4+ 53. Rf4
Rh5 54. Rf3 Rh4+ 1/2-1/2